Quizzes
Events
Quiz Creation
Community
Videos
Private Events
Remove Ads
Sign In
Join for FREE
Feedback
Dark Mode
Quiz Categories
Sports
Geography
Music
Movies
Television
Just For Fun
Miscellaneous
History
Literature
Language
Science
Gaming
Entertainment
Religion
Holiday
For Kids
Quiz Lab
Recent
Popular Today
Quiz Kudos Today
Editor Picks
Curator Picks
Quizzes by...
Day
Popularity
Type
Ratings
Length
Year
Community
Subscriptions
Recent Discussions
Orange Saloon
Badges
Playlists
Quests
Create
Leaderboards
Showdown
Live 5
Trivia Bingo
Activity
Puzzle Library
Sporcle Events
Private Events
Virtual Trivia
Globe League
Become a Host
Pub Owners
SporcleCon
Opinionation
Our Games
Videos
Blog
Mobile Apps
Partnerships
Remove Ads and Go Orange
Feedback
Movies
Disney
Marvel Cinematic Universe
Movie Resume
Movie Titles
Oscar
Actor
Actress
Director
Pixar
Role
Movie Quotes
Movie Characters
Box Office
Nominee
Best Picture
Star Wars
James Bond
Horror Movies
Movies
Disney
Marvel Cinematic Universe
Movie Resume
Movie Titles
Oscar
Actor
Actress
Director
Pixar
Role
Movie Quotes
Movie Characters
Box Office
Nominee
Best Picture
Star Wars
James Bond
Horror Movies
Random Quiz
Search Sporcle
×
Quiz Lab
Quiz Lab
Movies
Actor
Type in answers that appear in a list
Type in answers that appear in a list
Classic
Best Score? Go Orange.
'D' actors (first name) Stats
Can you name the actors whose names begin with 'D'??
By
ddd62291
12m
30 Questions
391 Plays
391 Plays
391 Plays
Comments
Comments
Give Quiz Kudos
Give Quiz Kudos
-
- Ratings
hide this ad
More Info
Replay
Link that replays current quiz
Next Quiz
Link to next quiz in quiz playlist
You Got
0%
They Got
Avg Score
48%
Avg Friend Score
Upgrade to see
Score Distribution
Jump to the score distribution portion of the page
Score
0/30
Timer
12:00
0
Plays Today
Movie
Actor
% Correct
Graduate, Tootsie, Rain Man
Dustin Hoffman
91%
Glory, Remember the Titans, Training Day
Denzel Washington
88.5%
Harry Potter octalogy
Daniel Radcliffe
88.5%
Crucible, My Left Foot, Gangs of New York
Daniel Day-Lewis
87.7%
Casino Royale, Munich, Cowboys and Aliens
Daniel Craig
82.1%
Ghostbusters, Blues Brothers, My Girl
Dan Aykroyd
79.8%
Lethal Weapon, 2012, Angels in the Outfield
Danny Glover
77.5%
Batman Returns, Matilda, Hercules
Danny Devito
77%
Joe Dirt, Grown Ups, Tommy Boy
David Spade
73.7%
Ocean's Trilogy, Hotel Rwanda, Crash
Don Cheadle
72.4%
Easy Rider, Hoosiers, Speed
Dennis Hopper
69.8%
X-
Files, Working Girl, Zoolander
David Duchovny
58.8%
Madagascar, Pallbearer, Uprising
David Schwimmer
57.8%
Labyrinth, Last Temptation of Christ, Prestige
David Bowie
51.7%
Home Alone, City Slickers, Celtic Pride
Daniel Stern
50.4%
Movie
Actor
% Correct
M*A*S*H, Animal House, Klute
Donald Sutherland
49.9%
Parent Trap, Traffic, Right Stuff
Dennis Quaid
46.8%
Scream, Muppets from Space, Never been Kissed
David Arquette
44.5%
Tropic Thunder, Pineapple Express, Your Highness
Danny McBride
36.6%
Pink Panther, Bishop's Wife, Around the World in 80 Days
David Niven
32.2%
Mary Poppins, Night at the Museum, Chitty Chitty Bang Bang
Dick Van Dyke
20.7%
Blazing Saddles, An American Tail, Muppet Movie
Dom DeLuise
19.2%
HP3, HP5, HP7 (Harry Potter)
David Thewlis
17.9%
Ice Age, Sandlot, Demolition Man
Denis Leary
15.6%
Cats Don't Dance, Pleasantville, It's A Mad Mad Mad Mad World
Don Knotts
12.8%
Other Guys, Fast Five, Mummy Returns
Dwayne 'The Rock' Johnson
12.8%
Amistad, Constantine, Gladiator
Djimon Hounsou
12%
Ocean's Eleven, Rio Bravo, The Cannonball Run
Dean Martin
10.2%
On Golden Pond, Recess, Dragnet
Dabney Coleman
9.5%
Beauty and the Beast, Pocahontas, Hunchback of Notre Dame
David Ogden Stiers
8.4%
Quiz Playlist
Details
Report
Send in Message
Add To Playlist
More Info:
Name the actors whose names begin with 'D' by figuring who are in those movies. First names. You can type in their last names.
Classic:
Type in answers that appear in a list
Last Updated: Feb 16, 2017
Quiz Scoreboard
CHALLENGE
Sign Up to Join the Scoreboard
Show All
Scores
Hide
Comments
May contain spoilers
Recently Published
9x9 Crossword: Cartoon Network
by jackfrog10
Miscellaneous
3m
College Basketball Coaching Resumes
by pancakes188
Sports
9m
Billboard Blitz: Fleetwood Mac
by CooCooCachoo
Music
15s
More to Explore
Quiz From the Vault
Featured Blog Post
Where Did the Easter Bunny Come From?
hide this ad
You Might Also Like...
Tags
Actor Quiz
dan
David
Today's Top Quizzes in Movies
Browse Movies
hide this ad
Today's Top Quizzes in Actor
Browse Actor
Top Contributed Quizzes in Movies
1
Pick 5 Posters: Directed by Spielberg
2
7-to-1: Pixar Characters
3
Pick 5 Posters: Lowest-Rated Spielberg
4
Sorting Actors
5
Sorting Actresses
6
Pick 5 Posters: Directed by Scorsese
7
Hidden Star Wars Character II
8
Pick 5 Posters: Star & Director
9
Hidden Star Wars Character III
10
12 Movies about Fictional 1960s Events
Explore More
Trending Topics
NBA
Kpop
Crossword
Marvel
Anime
Harry Potter
Disney
Country
Soccer
Song
WWE
Puzzle
Pokémon
NFL
The Office
hide this ad
More By:
ddd62291
Quiz
Plays
Rating
Category
Featured
Created
5-Star Movie Villains
259,512
4.65
Movies
Apr 9, 2014
Movie Titles Said in Movie
216,461
4.67
Movies
Sep 23, 2012
Click the 'C' Movie Title Character
176,989
4.59
Movies
Feb 5, 2020
Click the 'F' Movie Title Character
155,391
4.66
Movies
Feb 9, 2020
Movie Titles Said in Movie II
150,708
4.46
Movies
Oct 24, 2012
Go to Creator's Profile
Score Distribution
Quiz Creator Spotlight
ddd62291
Follow
Send a Message
Quizzes Created
-
Created Quiz Play Count
-
More By This Creator
Popular Quizzes Today
1
Find the US States - No Outlines Minefield
2
Find the Countries of Europe - No Outlines Minefield
3
The Countries of the World
4
Find the US States
5
Risky Map Clicking: Biggest States A-Z
6
US States
7
Popular People in 1961
8
Movies - When Are They Set?
More Movies Quizzes
Pair of Actors in 2007 Movie Posters
Quiz Lab
Trending Quizzes
Risky Map Clicking: Least Populous States A-Z
1-10 Letter G Words
Risky Map Clicking: Next State Alphabetically
Adjectives in 80s TV Shows
Risky Map Clicking: Biggest States A-Z
Recently Updated
Leaping Animals
pecheneg
Reality TV Shows (A-Z)
bhenderson79
Rickey Henderson's Hall of Fame Teammates
pecheneg
Champions League XIs: Arsenal
pecheneg
Quick Pick: Celebrities in WWE's Hall of Fame
aduchscher
A-Z Keypad Blitz II
pecheneg
Multiple Oscar Actors
pecheneg
Mystery Phrase Blitz: Oscar 'Best Actors'
pecheneg
F. Scott Fitzgerald Novels
LTH
Pick 3 Villains
ddd62291
Trending Topics
Disney
Crossword
Anime
Harry Potter
Kpop
Marvel
NBA
WWE
Country
NFL
Pokémon
Puzzle
The Office
Soccer
Song
Your Account Isn't Verified!
In order to create a playlist on Sporcle, you need to verify the email address you used during registration. Go to your
Sporcle Settings
to finish the process.
Report this User
Report this user for behavior that violates our
Community Guidelines
.
Details:
Send Report
Go to the Sporcle.com Mobile Site →
Comments